000 01855nam a2200277 4500
001 0000100122
005 20250329165434.0
008 190730s2019 000 0 eng d
040 _aCO-CtgCURN
_bspa
_ccoctgcurn
041 0 _aspa
082 0 _aENF 2019
_bA973
100 1 _aAyala Jimenez, Diana Paola.
245 1 0 _aConductas alimentarias de riesgo, estilos de vida en estudiantes de educacion media superior estancia investigativa /
_cDiana Paola Ayala Jimenez ; Asesor: Maria Elizabeth Jaramillo Jimenez.
260 _aCartagena de Indias :
_bCorporación Universitaria Rafael Núñez,
_c2019.
300 _a108 Hojas.
336 _2rdacontent
_atext
_btxt
337 _2rdacarrier
_asin mediacion
_bn
338 _2rdacarrier
_avolumen
_bnc
502 _aTrabajo de grado (Enfermeria). Corporacion Universitaria Rafael Nuñez. Facultad de Ciencias de la salud. Enfermeria, 2019.
520 _aSegun la ENSANUT (Encuesta Nacional de Salud y Nutricion) indican que uno de cada tres adolescentes de entre 12 y 19 años presenta sobrepeso u obesidad en Mexico [1]. Una de las causas de sobrepeso y la obesidad es un desequilibrio energetico entre calorias consumidas y gastadas, el aumento en la ingesta de alimentos de alto contenido calorico que son ricos en grasa; y un descenso en la actividad fisica debido a la naturaleza cada vez mas sedentaria de muchas formas de trabajo, los nuevos modos de transporte y la creciente urbanizacion.
650 0 _aEnfermeria
_vTesis y disertaciones academicas.
700 1 _aJaramillo Jimenez, Maria Elizabeth,
_eAsesor.
856 _uhttps://unicurn.sharepoint.com/:b:/s/biblioteca/Ed2zrFAlOKZCgjk3Ytg5YGsBtu5SbOV2EvPHbiMdLtcj7w?e=ZlUV1z
_zClick aqui para ver el recurso en texto completo
942 _cTG
_hENF 2019
_iA973
999 _c4018
_d4018